| 000 | 00503nam a22001817a 4500 | ||
|---|---|---|---|
| 005 | 20260423123148.0 | ||
| 008 | 260423b |||||||| |||| 00| 0 eng d | ||
| 037 | _cDSWL | ||
| 040 |
_aDSWL _cDSWL |
||
| 084 | _aYv Q7 | ||
| 100 | _aMerton, Robert K | ||
| 245 | _aSocial theory and social structure | ||
| 260 |
_aJaipur, _bRawat Publication, _c2017 |
||
| 300 | _a645p | ||
| 365 |
_aINR _b1550 |
||
| 942 |
_2CC _cTEXL _hYv Q7 _n0 |
||
| 999 |
_c1848415 _d1848415 |
||